Addresses by Phillips Brooks. (Record no. 16333)

000 -LEADER
fixed length control field 00537nam a2200169 a 4500
001 - CONTROL NUMBER
control field :::00019206$&:&@@
003 - CONTROL NUMBER IDENTIFIER
control field OkBaRHE
005 - DATE AND TIME OF LATEST TRANSACTION
control field 20010214120938.0
008 - FIXED-LENGTH DATA ELEMENTS--GENERAL INFORMATION
fixed length control field j 000 0 eng u
040 ## - CATALOGING SOURCE
Transcribing agency
100 1# - MAIN ENTRY--PERSONAL NAME
Personal name Brooks, Phillips, 1835-1893
245 10 - TITLE STATEMENT
Title Addresses by Phillips Brooks.
260 ## - PUBLICATION, DISTRIBUTION, ETC. (IMPRINT)
Place of publication, distribution, etc Philadelphia
Name of publisher, distributor, etc The Rodgers Company
300 ## - PHYSICAL DESCRIPTION
Extent 162 p.
942 ## - ADDED ENTRY ELEMENTS (KOHA)
Source of classification or shelving scheme
Koha item type Books
Copies
Permanent Location Barcode Source of classification or shelving scheme Current Location Not for loan Date last seen Price effective from Total Checkouts Lost status Date checked out Shelving location Damaged status Copy number Full call number Koha item type Date acquired Withdrawn status
RHEMA Bible Training College19206 RHEMA Bible Training College 2011-01-052010-04-141 2010-12-01General Stacks 1BX 5937 .B7Books2010-04-14